000 00548nam a2200193Ia 4500
003 GCL
008 140319s9999 xx 000 0 ara d
040 _aGCL /
_cGCL
082 0 4 _a891.86
_bف ر
100 1 _aفوتشيك، يوليوس
245 1 0 _aالرجل والبطل /
_cفوتشيك، يوليوس
300 _a84 ص
490 _a100 قصة
_v0
650 0 4 _aالممثلون والممثلات
650 0 4 _aتاريخ ونقد
650 0 4 _aالادب التشيكى
650 0 4 _aالمسرح - التشيك
942 _2ddc
_cBK
999 _c46747
_d46747